[Event "Oberliga Sued W 1718"]
[Site "Germany"]
[Date "2017.10.08"]
[Round "2.8"]
[White "Goeltzer, Oliver"]
[Black "Spreemann, Ralf"]
[Result "1-0"]
[WhiteElo "1953"]
[BlackElo "2037"]
[PlyCount "43"]
[EventDate "2017.09.10"]
[EventType "team-tourn"]
[EventRounds "11"]
[EventCountry "GER"]
[SourceTitle "EXT 2019"]
[Source "ChessBase"]
[SourceDate "2018.10.10"]
[SourceVersion "1"]
[SourceVersionDate "2018.10.10"]
[SourceQuality "1"]
[WhiteTeam "Illingen Turm"]
[BlackTeam "Heimbach Weis/Neuwied"]
[WhiteTeamCountry "GER"]
[BlackTeamCountry "GER"]

1. d4 d5 2. Nf3 Nc6 3. c3 Bg4 4. Qb3 Bxf3 5. Qxb7 Na5 6. Qa6 Bxg2 7. Bxg2 c6 8. b4 e5 9. bxa5 Qc7 10. dxe5 Bc5 11. Bf4 Ne7 12. 0-0 0-0 13. Nd2 Nf5 14. Nb3 Be7 15. Nd4 Nh4 16. Bg3 Nxg2 17. Kxg2 c5 18. e6 Qd8 19. Nc6 Qe8 20. Nxe7+ Qxe7 21. Qd6 Qf6 22. e7 1-0

[Event "Oberliga Sued W 1112"]
[Site "Germany"]
[Date "2012.03.18"]
[Round "8"]
[White "Goeltzer, Oliver"]
[Black "Panfilenko, Wladimir"]
[Result "1-0"]
[WhiteElo "1931"]
[BlackElo "1889"]
[PlyCount "63"]
[EventDate "2011.09.25"]
[EventType "team-tourn"]
[EventRounds "9"]
[EventCountry "GER"]
[SourceTitle "EXT 2013"]
[Source "ChessBase"]
[SourceDate "2012.11.22"]
[SourceVersion "1"]
[SourceVersionDate "2012.11.22"]
[SourceQuality "1"]
[WhiteTeam "Illingen"]
[BlackTeam "Saarbruecken Gambit"]
[WhiteTeamCountry "GER"]
[BlackTeamCountry "GER"]

1. d4 d5 2. Nf3 Nf6 3. c3 e6 4. Bg5 Nbd7 5. e3 Be7 6. Nbd2 c5 7. Bd3 b6 8. 0-0 Bb7 9. Re1 0-0 10. Bb1 Re8 11. dxc5 bxc5 12. Qb3 Qb6 13. Qc2 c4 14. b3 Rac8 15. b4 e5 16. Bxf6 Nxf6 17. Nxe5 Bxb4 18. Nef3 Bc5 19. a4 Re7 20. Ba2 g6 21. Rab1 Qc7 22. Nd4 Bxd4 23. exd4 Rce8 24. Rxe7 Rxe7 25. Nf3 Bc8 26. Rb5 Bf5 27. Qb2 Qf4 28. Bb1 Bxb1 29. Qxb1 Ne4 30. Qc2 Nd2 31. Qxd2 Qxd2 32. Nxd2 1-0

[Event "Oberliga Sued W 1011"]
[Site "Germany"]
[Date "2011.03.20"]
[Round "8.5"]
[White "Mueller, Reinhold"]
[Black "Goeltzer, Oliver"]
[Result "1-0"]
[WhiteElo "2268"]
[BlackElo "1912"]
[PlyCount "89"]
[EventDate "2010.10.10"]
[EventType "team-tourn"]
[EventRounds "9"]
[EventCountry "GER"]
[SourceTitle "EXT 2012"]
[Source "ChessBase"]
[SourceDate "2011.11.24"]
[SourceVersion "1"]
[SourceVersionDate "2011.11.24"]
[SourceQuality "1"]
[WhiteTeam "Saarbruecken SVG"]
[BlackTeam "Illingen"]
[WhiteTeamCountry "GER"]
[BlackTeamCountry "GER"]

1. d4 d5 2. c4 e6 3. Nf3 Nf6 4. g3 Be7 5. Bg2 0-0 6. Qc2 Nbd7 7. 0-0 c5 8. cxd5 Nxd5 9. a3 cxd4 10. Nxd4 Qb6 11. Nf5 exf5 12. Bxd5 Nf6 13. Bg2 Be6 14. Be3 Qa6 15. Qc7 Bd8 16. Qxb7 Qxb7 17. Bxb7 Rb8 18. Bf3 Rxb2 19. Bxa7 Ne4 20. Bd4 Rb3 21. Bxe4 fxe4 22. Nd2 Rb8 23. Nxe4 Bc4 24. Rfe1 Ba5 25. Bc3 Bxc3 26. Nxc3 Rb3 27. Rec1 Ra8 28. a4 h6 29. e3 Ra5 30. Ne4 Rb4 31. Nc3 Rb3 32. Rab1 Ra3 33. e4 Ba6 34. Rb8+ Kh7 35. Ra8 f6 36. f4 Rb3 37. Ra7 Rb2 38. f5 h5 39. e5 Rxe5 40. Rxa6 Rxf5 41. Ne4 Re2 42. Re6 Kg6 43. Re7 h4 44. Rcc7 Re1+ 45. Kg2 1-0